<?xml version="1.0" encoding="utf-8"?>
<?xml-stylesheet type='text/xsl' href='./oai2.xsl'?>
<OAI-PMH xmlns="http://www.openarchives.org/OAI/2.0/" xmlns:xsi="http://www.w3.org/2001/XMLSchema-instance" xsi:schemaLocation="http://www.openarchives.org/OAI/2.0/ http://www.openarchives.org/OAI/2.0/OAI-PMH.xsd">
  <responseDate>2026-06-06T10:23:15Z</responseDate>
  <request verb="GetRecord" metadataPrefix="marcxml" identifier="record_kuniweb_414453">https://kulturerbe.niedersachsen.de/oai</request>
  <GetRecord>
    <record>
      <header>
        <identifier>record_kuniweb_414453</identifier>
        <datestamp>2026-03-31T19:09:18Z</datestamp>
        <setSpec>slg0184</setSpec>
      </header>
      <metadata>
        <marc:record xmlns:marc="http://www.loc.gov/MARC21/slim" xsi:schemaLocation="http://www.loc.gov/MARC21/slim http://www.loc.gov/standards/marcxml/schema/MARC21slim.xsd">
          <marc:leader>12345nkm  22     uu 4500</marc:leader>
          <marc:controlfield tag="001">414453</marc:controlfield>
          <marc:controlfield tag="003">http://kuniweb.gbv.de</marc:controlfield>
          <marc:controlfield tag="005">2025-12-16T14:14:52</marc:controlfield>
          <marc:controlfield tag="008">|           ||||||||||||||||||||||</marc:controlfield>
          <marc:datafield tag="245" ind1="1" ind2="0">
            <marc:subfield code="a">Villa Salve Hospes in Braunschweig (Ansicht der Gartenseite)</marc:subfield>
          </marc:datafield>
          <marc:datafield tag="720" ind1=" " ind2=" ">
            <marc:subfield code="a">Peter Joseph Krahe</marc:subfield>
          </marc:datafield>
          <marc:datafield tag="655" ind1=" " ind2="7">
            <marc:subfield code="a">Grafik</marc:subfield>
          </marc:datafield>
          <marc:datafield tag="046" ind1=" " ind2=" ">
            <marc:subfield code="k">1805</marc:subfield>
            <marc:subfield code="k">1805</marc:subfield>
          </marc:datafield>
          <marc:datafield tag="260" ind1=" " ind2=" ">
            <marc:subfield code="g">1805</marc:subfield>
            <marc:subfield code="g">1805</marc:subfield>
          </marc:datafield>
          <marc:datafield tag="300" ind1=" " ind2=" ">
            <marc:subfield code="a">Höhe: 509 mm (Blatt)
Breite: 720 mm (Blatt)</marc:subfield>
          </marc:datafield>
          <marc:datafield tag="520" ind1=" " ind2=" ">
            <marc:subfield code="a">Die Feder- und Pinselzeichnung zeigt die Gartenseite der Villa Salve Hospes in Braunschweig (mit Seitengebäuden). (Städtisches Museum Braunschweig)

Aufschrift:
Bezeichnet, oben mittig, mit Feder in Schwarz: "HINTERE ANSICHT / des neu zu erbauenden Landhauses / für Herrn C. W. Krause", unten mittig, Maßstab in Fuß.

Stempel:
oben rechts, Krahe-Nachlass-Stempel in Rot.

Wasserzeichen:
nicht identifiziert.

Veröffentlicht in:
„Peter Joseph Krahe : Zeichnungen, Studien, Ideenskizzen und Entwürfe ; Ausstellung im Städtischen Museum Braunschweig vom 16. März bis 13. April 1958. Arbeitsberichte aus dem Städtischen Museum Braunschweig ; 9“. Braunschweig, 1958. (Kat.-Nr. 109, 6.)

Literatur in Zusammenhang:
R. Dorn, „Die Villa Salve Hospes in Braunschweig“, Grosse Baudenkmäler, Bd. 235. Dt. Kunstverlag, München, 1969.

Veröffentlicht in:
„Peter Joseph Krahe : ein Architekt um 1800“. Städtisches Museum, Braunschweig, 2015. (S. 143, Kat.-Nr. 187 (Lars Berg))

Veröffentlicht in:
H. Schmitz, „Berliner Baumeister vom Ausgang des achtzehnten Jahrhunderts : mit 375 Abbildungen“. Wasmuth, Berlin, 1925. (S. 262 (Abb.))

Veröffentlicht in:
R. Dorn, „Bauten und Projekte Peter Joseph Krahes in Düsseldorf, Koblenz, Hannover und Braunschweig 1787 - 1806 : Untersuchungen des zeichnerischen Nachlasses und beschreibender Katalog. Peter Joseph Krahe / Leben und Werk ; Bd. 2“. Klinkhardt &amp; Biermann, Braunschweig, 1971. (S. 239 f, Kat.-Nr. 480; S. 410, Abb. 129.)

Veröffentlicht in:
„Reiz der Antike : die Braunschweiger Herzöge und die Schönheiten des Altertums im 18. Jahrhundert ; Ausstellung im Herzog-Anton-Ulrich-Museum Braunschweig, 21. August - 16. November 2008“. Imhof, Petersberg, 2008. (S. 48, Abb. 21)</marc:subfield>
          </marc:datafield>
          <marc:datafield tag="650" ind1="1" ind2=" ">
            <marc:subfield code="a">Maske</marc:subfield>
          </marc:datafield>
          <marc:datafield tag="650" ind1="1" ind2=" ">
            <marc:subfield code="a">Füllhorn</marc:subfield>
          </marc:datafield>
          <marc:datafield tag="650" ind1="1" ind2=" ">
            <marc:subfield code="a">Fassade</marc:subfield>
          </marc:datafield>
          <marc:datafield tag="650" ind1="1" ind2=" ">
            <marc:subfield code="a">Villa</marc:subfield>
          </marc:datafield>
          <marc:datafield tag="650" ind1="1" ind2=" ">
            <marc:subfield code="a">Grafik, Fotografie &gt; Zeichnung &gt; Pinselzeichnung</marc:subfield>
          </marc:datafield>
          <marc:datafield tag="650" ind1="1" ind2=" ">
            <marc:subfield code="a">Grafik, Fotografie &gt; Zeichnung &gt; Federzeichnung</marc:subfield>
          </marc:datafield>
          <marc:datafield tag="650" ind1="1" ind2=" ">
            <marc:subfield code="a">Zeichnung/Grafik</marc:subfield>
          </marc:datafield>
          <marc:datafield tag="650" ind1="1" ind2=" ">
            <marc:subfield code="a">Braunschweig (Niedersachsen)</marc:subfield>
          </marc:datafield>
          <marc:datafield tag="773" ind1="0" ind2=" ">
            <marc:subfield code="t">Sammlung Grafik</marc:subfield>
          </marc:datafield>
          <marc:datafield tag="852" ind1=" " ind2=" ">
            <marc:subfield code="a">Städtisches Museum Braunschweig</marc:subfield>
          </marc:datafield>
          <marc:datafield tag="852" ind1=" " ind2=" ">
            <marc:subfield code="a">Deutschland</marc:subfield>
          </marc:datafield>
          <marc:datafield tag="" ind1=" " ind2=" ">
            <marc:subfield code="a">kein Copyright / Public domain (CC0 1.0)</marc:subfield>
          </marc:datafield>
        </marc:record>
      </metadata>
    </record>
  </GetRecord>
</OAI-PMH>
